书目信息 |
| 题名: |
破解英语短语动词
|
|
| 作者: | 张迪 , 张鹏 主编 | |
| 分册: | ||
| 出版信息: | 北京 国防工业出版社 2007.01 |
|
| 页数: | 395页 | |
| 开本: | 20cm | |
| 丛书名: | ||
| 单 册: | ||
| 中图分类: | H314.3 | |
| 科图分类: | ||
| 主题词: | 英语--ying yu--短语--动词 | |
| 电子资源: | ||
| ISBN: | 7-118-04912-3 | |
| 000 | 00954nam0 2200229 450 | |
| 001 | 012007022504 | |
| 005 | 20070926162452.07 | |
| 010 | @a7-118-04912-3@dCNY22.00 | |
| 100 | @a20070711d2007 km y0chiy0120 ea | |
| 101 | 0 | @achi@aeng |
| 102 | @aCN@b110000 | |
| 105 | @ay z 000yy | |
| 200 | 1 | @a破解英语短语动词@Apo jie ying yu duan yu dong ci@f张迪, 张鹏主编@Fzhang di,zhang peng zhu bian |
| 210 | @a北京@c国防工业出版社@d2007.01 | |
| 215 | @a395页@d20cm | |
| 330 | @a本书主要内容是:精选了一些常用、易混、常考、易错的短语动词,实用性和针对性强。对每一短语动词,不仅给出释义,而且还列有典型例句,以使读者能够举一反三,触类旁通。“辨析”栏阐释简练、讲解清楚;“注意”栏对该短语使用上的难点、疑点、易错点给予提示。讲练结合,所选自测题目典型,可供读者检测学习效果。 | |
| 606 | 0 | @a英语@Aying yu@x短语@x动词 |
| 690 | @aH314.3@v4 | |
| 701 | 0 | @a张迪@Azhang di@4主编 |
| 701 | 0 | @a张鹏@Azhang peng@4主编 |
| 801 | 0 | @aCN@c20070926 |
| 905 | @dH314.3@eZ093 | |
| 破解英语短语动词/张迪, 张鹏主编.-北京:国防工业出版社,2007.01 |
| 395页;20cm |
| ISBN 7-118-04912-3:CNY22.00 |
| 本书主要内容是:精选了一些常用、易混、常考、易错的短语动词,实用性和针对性强。对每一短语动词,不仅给出释义,而且还列有典型例句,以使读者能够举一反三,触类旁通。“辨析”栏阐释简练、讲解清楚;“注意”栏对该短语使用上的难点、疑点、易错点给予提示。讲练结合,所选自测题目典型,可供读者检测学习效果。 |
| ● |
| 相关链接 |
|
|
|
正题名:破解英语短语动词
索取号:H314.3/Z093
 
预约/预借
| 序号 | 登录号 | 条形码 | 馆藏地/架位号 | 状态 | 备注 |
| 1 | 244911 | 202449118 | 语言库209/209语言库 36排4列6层/ [索取号:H314.3/Z093] | 在馆 | |
| 2 | 244912 | 202449127 | 语言库209/209语言库 36排4列5层/ [索取号:H314.3/Z093] | 在馆 | |
| 3 | 244913 | 202449136 | 语言库209/209语言库 36排4列6层/ [索取号:H314.3/Z093] | 在馆 |